[Event "GBR-ch Yates op 104th"]
[Site "Llandudno"]
[Date "2017.07.29"]
[Round "2"]
[White "Shaughnessy, Phillip J"]
[Black "Sutcliffe, John"]
[Result "0-1"]
[WhiteElo "109"]
[BlackElo "118"]
[PlyCount "66"]
[EventDate "2017.07.28"]
[EventType "swiss"]
[EventRounds "5"]
[EventCountry "WLS"]
[SourceTitle "EXT 2019"]
[Source "ChessBase"]
[SourceDate "2018.10.10"]
[SourceVersion "1"]
[SourceVersionDate "2018.10.10"]
[SourceQuality "1"]

1. b4 e5 2. a3 d6 3. Bb2 f5 4. e3 Nf6 5. Nf3 g6 6. d4 e4 7. Nfd2 Bg7 8. c4 c6 9. Nc3 Be6 10. d5 Bf7 11. dxc6 Nxc6 12. c5 0-0 13. cxd6 Qxd6 14. Be2 Rfd8 15. 0-0 Qxd2 16. Qb1 Qd7 17. b5 Ne5 18. Rd1 Qe8 19. Rc1 Rac8 20. Nd5 Rxc1+ 21. Qxc1 Nd3 22. Bxd3 exd3 23. Nc3 Ne4 24. Nxe4 Bxb2 25. Qxb2 Qxe4 26. Qd2 Rc8 27. f3 Qc4 28. a4 Qc3 29. Qd1 Qc2 30. Qe1 d2 31. Qe2 d1Q+ 32. Rxd1 Qxd1+ 33. Kf2 Rc2 0-1